[Event "Figueres op 11th"]
[Site "Figueres"]
[Date "2010.08.14"]
[Round "5"]
[White "Sola, Flavien"]
[Black "Sanchez Cobo, Javier"]
[Result "1-0"]
[WhiteElo "1954"]
[BlackElo "1832"]
[PlyCount "127"]
[EventDate "2010.08.11"]
[EventType "swiss"]
[EventRounds "9"]
[EventCountry "ESP"]
[SourceTitle "CBM 137 Extra"]
[Source "ChessBase"]
[SourceDate "2010.09.01"]
[SourceVersion "1"]
[SourceVersionDate "2010.09.01"]
[SourceQuality "1"]

1. e4 c5 2. c4 g6 3. Nc3 Bg7 4. g3 Nc6 5. Bg2 Nf6 6. Rb1 0-0 7. a3 d6 8. b4 Rb8 9. Nge2 cxb4 10. axb4 Be6 11. d3 Qc8 12. b5 Nd8 13. Qa4 Bh3 14. Bxh3 Qxh3 15. Nf4 Qg4 16. Qxa7 Ne6 17. Qe3 Nxf4 18. Qxf4 Qh3 19. Nd5 Nxd5 20. exd5 Qg2 21. Qe4 Bc3+ 22. Ke2 Qh3 23. Rb3 Bg7 24. Bb2 Bh6 25. Qd4 f6 26. Qe4 e5 27. dxe6 Rfe8 28. Kf3 Rxe6 29. Qg4 Qxg4+ 30. Kxg4 f5+ 31. Kf3 g5 32. h3 f4 33. g4 Rbe8 34. h4 gxh4 35. Rxh4 Bg5 36. Rh5 h6 37. Bd4 Ra8 38. Rh1 Ra2 39. Ra1 Rd2 40. Ra8+ Kf7 41. Rb8 Re7 42. b6 Bf6 43. Bxf6 Kxf6 44. Rf8+ Rf7 45. Rh8 Kg7 46. Rd8 Re7 47. Rxd6 Ree2 48. Rd7+ Kf6 49. Kxf4 Rxf2+ 50. Ke4 Rde2+ 51. Kd5 Re5+ 52. Kd6 Rf4 53. Rxb7 Re6+ 54. Kc5 Rxg4 55. d4 Ree4 56. Rd7 Re8 57. b7 Rgg8 58. Kc6 h5 59. Kc7 Rb8 60. c5 h4 61. Rh3 Kg5 62. Rh7 Rge8 63. R3xh4 Kf5 64. R7h5+ 1-0